000 00531nam a2200169 a 4500
005 20140412111318.0
008 010423s19uu xx 00 eng d
020 _a0-86163-774-7
050 _aER
_bTa14 1995
100 _aBlyton, Enid
245 _aThe tale of Kimmy-cat :
_band the frightenend teddy bear /
_cEnid Blyton; illustrated by Maureen Bradley.
260 _aLondon :
_bAward Publications Limited,
_c1995.
300 _a1v. (unp.) ; ill.
650 _aChildren's stories
650 _aCats - Stories
999 _c104290
_d104290